[Event "Alexandria Smouha 2nd"]
[Site "Alexandria"]
[Date "2011.07.13"]
[Round "6"]
[White "Ameir, Moheb"]
[Black "Fekry, Remon"]
[Result "1-0"]
[WhiteElo "2158"]
[BlackElo "2168"]
[PlyCount "84"]
[EventDate "2011.07.13"]
[EventType "swiss"]
[EventRounds "9"]
[EventCountry "EGY"]
[SourceTitle "EXT 2019"]
[Source "ChessBase"]
[SourceDate "2018.10.10"]
[SourceVersion "1"]
[SourceVersionDate "2018.10.10"]
[SourceQuality "1"]

1. e4 e6 2. d4 d5 3. Nc3 Bb4 4. e5 c5 5. Bd2 cxd4 6. Nb5 Be7 7. f4 Nc6 8. Nf3 Qb6 9. a4 Bc5 10. a5 Qd8 11. b4 Nxb4 12. Nbxd4 Nc6 13. c3 Bd7 14. a6 b6 15. Bd3 Nge7 16. Qb1 g6 17. Be3 Nf5 18. Bf2 h5 19. 0-0 0-0 20. h3 h4 21. Bxf5 exf5 22. Bxh4 Be7 23. Qe1 Nxd4 24. cxd4 Bb5 25. Bxe7 Qxe7 26. Rf2 Rfc8 27. Ng5 Rc7 28. Rb2 Bd3 29. Rd2 Be4 30. Qh4 f6 31. Nxe4 fxe4 32. exf6 Qe6 33. f5 Qxf5 34. Rf1 Qe6 35. Qg3 Qf7 36. Rdf2 Rac8 37. Rf5 Rc6 38. Rg5 Kh7 39. Qh4+ Kg8 40. Qh6 Rxf6 41. Rxf6 Rc1+ 42. Kh2 Qc7+ 1-0